01904cam a22003735i 4500999001700000001000800017003000900025005001700034008004100051020002200092020002300114020001800137040003800155082002100193110004200214245014000256250002000396264005800416300004600474336002600520337002800546338002700574490006000601504005100661520049500712650002401207650003201231653003301263655001701296700003001313700002801343942001201371952014701383 c27704d276752351889EG-ScBUE20191024134621.0830629s1984 caua f b 001 0 eng d a0804712220 (pbk.) a0804712115 (cloth) a9780804712224 aDLCbengerdacDLCdDLCdEG-ScBUE04a327.174bINT2222 aStanford Arms Control Group,eauthor.10aInternational arms control :bissues and agreements /cby the Stanford Arms Control Group ; edited by Coit D. Blacker and Gloria Duffy. aSecond edition. 1aStanford, Calif. :bStanford University Press,c1984. axii, 502 pages :billustrations ;c23 cm. atextbtxt2rdacontent aunmediatedbn2rdamedia avolumebnc2rdacarrier0 aISIS studies in international security and arms control aIncludes bibliographical references and index. aCompletely revised and updated, this is an exhaustive analysis of national and international arms control: its history, its philosophy, and its achievements and future prospects as well as its political, military, and economic ramifications. Of the fifteen chapters in the book, four are new or substantially new, and the rest have been completely revised and updated. The complete text of the SALT II treaty has been added to the appendix containing texts of major arms control agreements. 7aDisarmament.2BUEsh 7aNuclear disarmament.2BUEsh bBUSBOLbMASPPSScOctober2019 vReading book1 aBlacker, Coit D.eeditor.1 aDuffy, Gloria,eeditor. 2ddccBB 00102ddc40708BaccahaMAINbMAINc1STd2019-10-24ePurchaseg660.00l0o327.174 INTp000048165r2025-07-15 00:00:00v825.00w2019-10-24yBB